000 00703nam a22002177a 4500
003 OSt
005 20230830095540.0
008 221006b |||||||| |||| 00| 0 eng d
040 _cBiblioteca Lado V
082 _a730
_bV718f
100 _9987
_aVillanueva, Patricia
_eautora
245 _aLa Fiesta del Te/
260 _bGaleria ARTCO
_c2002
_aPeru
300 _c14x21cm
_a36p.
366 _espa
650 _2Tesauro de Arte & Arquitectura
_aARTE
_9703
650 _2Tesauro de Arte & Arquitectura
_aESCULTURA
_9702
650 _2Tesauro de Arte & Arquitectura
_aEXPOSICION
_9702
650 _2Tesauro de Arte & Arquitectura
_aFIGURAS HUMANAS
942 _2ddc
_c1
_h730
_iV718f
_n0
999 _c4233
_d4233